00878cam a22002412 450000100060000000300080000600500170001400800390003103500190007004000370008904100080012608200220013410000310015624500680018726000900025530000350034550400410038065000240042165000250044594200120047099900170048295201370049913413BD-RjUL20211208235442.0140201r19621949nyua b 001 0 eng a(BD-RjUL)13464 aDLCcFQGdOCLdEQOdBD-RjULbeng aeng00a537216bBRT 19621 aBremmer, H.,d1904-92447400aTerrestrial radio waves :btheory of propagation /cH. Bremmer. aNew York :bElsevier Pub. Co. [distributor: Elsevier Book Co.],c1949 [reprint 1962]. ax, 343 p. :bdiagrs. ;c25 cm. aBibliographical reference and index. 0aRadio waves.941813 0aGeomagnetism.941814 2ddccBK c13413d13413 00102ddc40718NFICaRUCLbRUCLcReadingd1964-07-14eZeitlingerg56.00l0o537 BRT 1962r2014-02-01 00:00:00tC-1w2014-02-01yBK